1468 1892 1351 1693 1060 1579 1743 1722 1327 1142 1456 1038 1626 1528 1131 1837 1503 1778 1878 1686 1240 1480 1163 1517 1467 1285 1124 1343 1494 1526 1868 1225 1090 1225 1473 1906 1175 1696 1587 1830 1873 1977 1438 1747 1190 1557 1636 1428 1785 1695 1563 1972 1987 1076 1880 1628 1020 1749 1925 1390 1769 1171 1728 1131 1251 1770 1427 1553 1408 1987 1536 1040 1219 1014 1285 1257 1351 1460 1027 1591 1418 1094 1102 1258 1277 1799 1860 1370 1628 1221 1790 1969 1908 1220 1020 1214 1172 1283 1956 BCNSPRNW ULIB Ver.6.0+V

เปลี่ยนเป็นภาษาไทย

Change to English
 แสดงรายละเอียดบรรณานุกรม
  กลับหน้าหลัก

Brief Record : Get Marc (ISO 2709) : E-mail record : QR code < ปิดหน้าต่าง
LEADER : 00000nam 2200000uu 4500
001    13399128850
003     ULIB
008    241009s2563||||th 000 0 tha d
020    ^a9786165656351
050  4 ^aZ665^bท668ท
100 0  ^aเทอดศักดิ์ ไม้เท้าทอง
245 10 ^aทักษะการรู้สารสนเทศในศตวรรษที่ 21 /^cเทอดศักดิ์ ไม้เท้าทอง
250    ^aพิมพ์ครั้งที่ 1
260    ^aกรุงเทพฯ :^bกรีน ไลฟ์ พริ้นติ้ง เฮ้าส์,^c2563
300    ^a154 หน้า :^bภาพประกอบ ;^c22 ซม.
650  4 ^aการรู้สารสนเทศ
650  4 ^aการค้นสารสนเทศ
945    ^p160^l0^i011097
945    ^p160^l0^i011098
945    ^p160^l0^i011099
999    ^aประนอม เกษจรัล
รายการนี้ยังไม่มีแท็ก
คุณยังไม่ได้ล็อกอิน คุณสามารถมีกิจกรรมร่วมกับเว็บไซต์ได้ แต่ต้องล็อกอินก่อน ::
  ล็อกอิน

รายการสื่อสารสนเทศ

ลำดับที่ ประเภท เลขเรียก/บาร์โค้ด สถานที่ สถานะ
1. การศึกษาทั่วไป
หนังสือสำรอง
สถานะ=หนังสือสำรอง
Z665 ท668ท ฉ.1 
  Barcode: 011097
ห้องสมุดวิทยาเขตสวรรค์ประชารักษ์
►หนังสือทั่วไป
บนชั้น
2. การศึกษาทั่วไป
การศึกษาทั่วไป
Z665 ท668ท ฉ.2 
  Barcode: 011098
ห้องสมุดวิทยาเขตสวรรค์ประชารักษ์
►หนังสือทั่วไป
บนชั้น
3. การศึกษาทั่วไป
การศึกษาทั่วไป
Z665 ท668ท ฉ.3 
  Barcode: 011099
ห้องสมุดวิทยาเขตสวรรค์ประชารักษ์
►หนังสือทั่วไป
บนชั้น

รายการใกล้เคียง
    ผู้แต่ง [เทอดศักดิ์ ไม้เท้าทอง]

    หัวเรื่อง [การรู้สารสนเทศ]
    หัวเรื่อง [การค้นสารสนเทศ]

BibComment


ยังไม่เคยถูกคอมเมนท์

คอมเมนท์ทรัพยากรรายการนี้
  คอมเมนท์: ทักษะการรู้สารสน..


 Copyright 2026. Bcnsprnw @Library